FOOD PRODUCTION, HOUSEKEEPING AND LAUNDRY OPERATIONS (Record no. 216185)
[ view plain ]
| 000 -LEADER | |
|---|---|
| fixed length control field | 00466nam a22001577a 4500 |
| 008 - FIXED-LENGTH DATA ELEMENTS--GENERAL INFORMATION | |
| fixed length control field | 251113b |||||||| |||| 00| 0 eng d |
| 020 ## - INTERNATIONAL STANDARD BOOK NUMBER | |
| International Standard Book Number | 979-8-88715-409-1 |
| 100 ## - MAIN ENTRY--PERSONAL NAME | |
| Personal name | SMITH, ISABEL KEN WILL |
| 245 ## - TITLE STATEMENT | |
| Title | FOOD PRODUCTION, HOUSEKEEPING AND LAUNDRY OPERATIONS |
| 260 ## - PUBLICATION, DISTRIBUTION, ETC. | |
| Place of publication, distribution, etc. | DUBLIN |
| Name of publisher, distributor, etc. | ORYSON PRESS |
| Date of publication, distribution, etc. | 2024 |
| 300 ## - PHYSICAL DESCRIPTION | |
| Extent | VIII, 312P. |
| 500 ## - GENERAL NOTE | |
| General note | INCLUDES INDEX |
| 650 ## - SUBJECT ADDED ENTRY | |
| Topical term or geographic name entry element | 1. HOSPITALITY INDUSTRY 2. FOOD PRODUCTION |
| 942 ## - ADDED ENTRY ELEMENTS (KOHA) | |
| Source of classification or shelving scheme | Library of Congress Classification |
| Koha item type | Long Loan Book |
| Withdrawn status | Lost status | Source of classification or shelving scheme | Damaged status | Not for loan | Collection | Home library | Current library | Shelving location | Date acquired | Inventory number | Total checkouts | Full call number | Barcode | Date last seen | Copy number | Price effective from | Koha item type |
|---|---|---|---|---|---|---|---|---|---|---|---|---|---|---|---|---|---|
| Library of Congress Classification | Science & Technology | Kisii University Library | Kisii University Library | On Display | 11/13/2025 | 109807 | TX 901.3 .S65 2024 | 000000024736 | 11/13/2025 | C.1 | 11/13/2025 | Long Loan Book | |||||
| Library of Congress Classification | Science & Technology | Kisii University Library | Kisii University Library | On Display | 11/13/2025 | 109808 | TX 901.3 .S65 2024 | 000000024735 | 11/13/2025 | C.2 | 11/13/2025 | Long Loan Book | |||||
| Library of Congress Classification | Science & Technology | Kisii University Library | Kisii University Library | On Display | 11/13/2025 | 109809 | TX 901.3 .S65 2024 | 000000024734 | 11/13/2025 | C.3 | 11/13/2025 | Long Loan Book | |||||
| Library of Congress Classification | Science & Technology | Kisii University Library | Kisii University Library | On Display | 11/13/2025 | 109810 | TX 901.3 .S65 2024 | 000000024733 | 11/13/2025 | C.4 | 11/13/2025 | Long Loan Book |